Ethiopian discourse / (Record no. 129061)
[ view plain ]
| 000 -LEADER | |
|---|---|
| fixed length control field | 00981cam a22002654a 4500 |
| 001 - CONTROL NUMBER | |
| control field | 16378541 |
| 003 - CONTROL NUMBER IDENTIFIER | |
| control field | ARRUPE |
| 005 - DATE AND TIME OF LATEST TRANSACTION | |
| control field | 20190219112259.0 |
| 008 - FIXED-LENGTH DATA ELEMENTS--GENERAL INFORMATION | |
| fixed length control field | 100806s2010 nju 000 0 eng |
| 010 ## - LIBRARY OF CONGRESS CONTROL NUMBER | |
| LC control number | 2010032051 |
| 020 ## - INTERNATIONAL STANDARD BOOK NUMBER | |
| International Standard Book Number | 1569023336 (hardcover) |
| 020 ## - INTERNATIONAL STANDARD BOOK NUMBER | |
| International Standard Book Number | 1569023344 (pbk.) |
| 040 ## - CATALOGING SOURCE | |
| Original cataloging agency | DLC |
| Transcribing agency | DLC |
| Modifying agency | DLC |
| 043 ## - GEOGRAPHIC AREA CODE | |
| Geographic area code | f-et--- |
| 050 00 - LIBRARY OF CONGRESS CALL NUMBER | |
| Classification number | DT388 |
| Item number | .K57 2010 |
| 082 00 - DEWEY DECIMAL CLASSIFICATION NUMBER | |
| Classification number | 963.07/2 |
| Edition number | 22 |
| 300 ## - PHYSICAL DESCRIPTION | |
| Dimensions | 22 cm. |
| 100 1# - MAIN ENTRY--PERSONAL NAME | |
| Personal name | Kiros, Teodros, |
| Dates associated with a name | 1951- |
| 9 (RLIN) | 44767 |
| 245 10 - TITLE STATEMENT | |
| Title | Ethiopian discourse / |
| Statement of responsibility, etc | Teodros Kiros. |
| 260 ## - PUBLICATION, DISTRIBUTION, ETC. (IMPRINT) | |
| Place of publication, distribution, etc | Trenton, NJ : |
| Name of publisher, distributor, etc | Red Sea Press, |
| Date of publication, distribution, etc | 2010. |
| 300 ## - PHYSICAL DESCRIPTION | |
| Extent | x, 236 p. ; |
| 650 #0 - SUBJECT ADDED ENTRY--TOPICAL TERM | |
| Topical term or geographic name as entry element | Democracy |
| Geographic subdivision | Ethiopia. |
| 9 (RLIN) | 44768 |
| 650 #0 - SUBJECT ADDED ENTRY--TOPICAL TERM | |
| Topical term or geographic name as entry element | Political culture |
| Geographic subdivision | Ethiopia. |
| 9 (RLIN) | 44769 |
| 651 #0 - SUBJECT ADDED ENTRY--GEOGRAPHIC NAME | |
| Geographic name | Ethiopia |
| General subdivision | Politics and government |
| Chronological subdivision | 1991- |
| 9 (RLIN) | 44770 |
| 906 ## - LOCAL DATA ELEMENT F, LDF (RLIN) | |
| a | 7 |
| b | cbc |
| c | orignew |
| d | 1 |
| e | ecip |
| f | 20 |
| g | y-gencatlg |
| 942 ## - ADDED ENTRY ELEMENTS (KOHA) | |
| Source of classification or shelving scheme | Library of Congress Classification |
| Koha item type | Monograph ( Printed materials) |
| Withdrawn status | Lost status | Source of classification or shelving scheme | Damaged status | Not for loan | Collection code | Home library | Current library | Shelving location | Date acquired | Total Checkouts | Full call number | Barcode | Date last seen | Date checked out | Price effective from | Koha item type |
|---|---|---|---|---|---|---|---|---|---|---|---|---|---|---|---|---|
| Library of Congress Classification | Main Collection | ARRUPE LIBRARY | ARRUPE LIBRARY | Main Collection | 19/02/2019 | 4 | DT388 .K57 2010 | 46600003879 | 28/05/2020 | 15/01/2020 | 19/02/2019 | Monograph ( Printed materials) |